| 000 | 00390nam a2200157Ia 4500 | ||
|---|---|---|---|
| 003 | 0STCL | ||
| 008 | 150530s9999 xx 000 0 und d | ||
| 040 |
_aSTCL _cSTCL |
||
| 100 | _aShakespeare; Boas, F.S.; Editor | ||
| 245 | _aShakerspeares Much Ado about nothing | ||
| 260 |
_bClarendon press _c1916 |
||
| 546 | _aEnglish | ||
| 942 |
_2ddc _cBK |
||
| 999 |
_c54833 _d54833 |
||
| 005 | 20220125170942.0 | ||